Music Artists by Popular Song - Statistics

General Stats
  • This quiz has been taken 674 times
  • The average score is 17 of 36
Answer Stats
Song Answer % Correct
"Billie Jean" Michael Jackson
92%
"Bohemian Rhapsody" Queen
92%
"Shape Of You" Ed Sheeran
90%
"The Real Slim Shady" Eminem
88%
"Blinding Lights" The Weekend
86%
"Espresso" Sabrina Carpenter
85%
"Cruel Summer" Taylor Swift
81%
"Smells Like Teen Spirit" Nirvana
80%
"HUMBLE." Kendrick Lamar
67%
"One Dance" Drake
64%
"Jolene" Dolly Parton
62%
"FEIN" Travis Scott
62%
"Call Me Maybe" Carly Rae Jepsen
59%
"Jailhouse Rock" Elvis Presley
58%
"Since U Been Gone" Kelly Clarkson
54%
"Enter Sandman" Metallica
48%
"Every Breath You Take" The Police
48%
"In The End" Linkin Park
46%
"Respect" Aretha Franklin
38%
"Crazy Train" Ozzy Osbourne
36%
"What A Wonderful World" Louis Armstrong
35%
"Superstition" Stevie Wonder
34%
"My House" Flo Rida
32%
"Ring Of Fire" Johnny Cash
32%
"Everlong" Foo Fighters
31%
"Kiss From A Rose" Seal
25%
"Sugar, We're Goin' Down" Fall Out Boy
24%
"Rock And Roll All Nite" KISS
24%
"Freak On A Leash" Korn
18%
"Break Stuff" Limp Bizkit
16%
"MILLION DOLLAR BABY" Tommy Richman
16%
"Surround Sound" JID
14%
"Replay" Iyaz
11%
"Are You Gonna Go My Way" Lenny Kravitz
8%
"King For A Day" Pierce The Veil
7%
"21st Century Schizoid Man King Crimson
6%
No matching quizzes found
Score Distribution
Percent of People with Each Score
Percentile by Number Answered
Your Score History
You have not taken this quiz